Statistics for England Squad for UEFA Euro 2012

Click here to take the quiz!

General Stats

  • This quiz has been taken 30 times
  • The average score is 13 of 24

Answer Stats

PositionNumberPlayerClub% Correct
Goalkeepers#1Joe HartManchester City
100%
Midfielders#4 ©Steven GerrardLiverpool
96%
Defenders#6John TerryChelsea
89%
Forwards#10Wayne RooneyManchester United
86%
Defenders#3Ashley ColeChelsea
75%
Midfielders#7Theo WalcottArsenal
71%
Forwards#9Andy CarrollLiverpool
68%
Midfielders#8Jordan HendersonLiverpool
68%
Defenders#12Leighton BainesEverton
68%
Defenders#2Glen JohnsonLiverpool
64%
Midfielders#16James MilnerManchester City
61%
Forwards#21Jermain DefoeTottenham Hotspur
61%
Defenders#14Phil JonesManchester United
61%
ManagerRoy Hodgson
54%
Midfielders#20Alex Oxlade-ChamberlainArsenal
50%
Forwards#22Danny WelbeckManchester United
46%
Defenders#18Phil JagielkaEverton
43%
Goalkeepers#13Robert GreenWest Ham United
43%
Defenders#15Joleon LescottManchester City
39%
Goalkeepers#23Jack ButlandBirmingham City
21%
Midfielders#11Ashley YoungManchester United
18%
Midfielders#19Stewart DowningLiverpool
14%
Defenders#5Martin KellyLiverpool
11%
Midfielders#17Scott ParkerTottenham Hotspur
11%

Score Distribution

Percentile by Number Answered

Percent of People with Each Score

Your Score History

You have not taken this quiz